000 00943nam a22002777i 4500
001 IT\ICCU\TO0\1207225
003 ItRI
005 20240918095847.0
008 030513s2003 it |||||| |||||1|||||c
020 _a8838468109
020 _a9788838468100 (4. ed.)
040 _bita
_cCDM
041 7 _aita
_2ISO-639-2
082 _a813.54
_221
100 1 _aRoy, Ron,
_d (1940)
_0IT\ICCU\RAVV\269464
_4aut
240 1 4 _aThe empty envelope
_9Roy, Ron <1940>
245 1 3 _aIl mistero delle lettere rubate /
_cRon Roy ; traduzione di Erica Ossola ; illustrazioni di John Steven Gurney.
260 _aCasale Monferrato :
_bPiemme junior,
_c2003
300 _a76 p. :
_bill. ;
_c20 cm
700 1 _aGurney, John Steven
_0IT\ICCU\RAVV\269467
700 1 _aOssola, Erica
_0IT\ICCU\TO0V\472249
830 3 _aIl battello a vapore. Piccoli investigatori ;
_v8
_0IT\ICCU\RAV\0817752
942 _2ddc
_cBK
981 1 _6z01
_ai
_bxxxe
982 1 _6z01
_an
999 _c1757
_d1757